La propiedad territorial en México, 1301-1810
Guardat en:
| Autor principal: | |
|---|---|
| Format: | Llibre |
| Idioma: | espanyol |
| Publicat: |
Ciudad de México
Siglo Veintiuno
1983
|
| Matèries: | |
| Etiquetes: |
Afegir etiqueta
Sense etiquetes, Sigues el primer a etiquetar aquest registre!
|
MARC
| LEADER | 00000nam a2200000 a 4500 | ||
|---|---|---|---|
| 001 | UCV0494 | ||
| 003 | CL-VaPUC | ||
| 008 | 881007e19830000MX |||||||||||||||||spa|d | ||
| 082 | 0 | 4 | |a 349.72 |b RIV |2 21 |
| 100 | 0 | |a Rivera Marín de Iturbe, Guadalupe |e author |9 294986 | |
| 245 | 1 | 3 | |a La propiedad territorial en México, 1301-1810 |
| 300 | |a 357 p | ||
| 942 | |c BK | ||
| 945 | |d 19881007 00:00:00 | ||
| 260 | |a Ciudad de México |b Siglo Veintiuno |c 1983 | ||
| 650 | 7 | |a DERECHO |2 CL-VaPUC |9 294987 | |
| 650 | 7 | |a HISTORIA HASTA 1810 |2 CL-VaPUC |9 255266 | |
| 650 | 7 | |a INDIOS DE MEXICO |2 CL-VaPUC |9 255267 | |
| 650 | 0 | |a Propiedad |9 255268 | |
| 651 | 0 | |a México |9 255269 | |
| 583 | |a last modification |c 19881007 00:00:00 |k Rodrigo Vera | ||
| 999 | |c 208931 |d 208929 | ||
| 952 | |0 0 |1 0 |4 0 |6 349_720000000000000_RIV_1983 |7 0 |8 DER_HDC |9 183946 |a BIBDER |b BIBDER |d 2019-11-14 |i 2508664 |o 349.72 RIV 1983 |p 2508664 |r 2023-01-25 |w 2019-11-14 |x Ubicación 4to Piso |y BK |z Estos recursos deben solicitarse con anticipación |k DER | ||